[Event "Israel-ch Women 2021"]
[Site "Haifa"]
[Date "2021.03.09"]
[Round "3.18"]
[White "Vardi, Shlomit"]
[Black "Reprun, Nadejda"]
[Result "0-1"]
[WhiteElo "1901"]
[BlackElo "1968"]
[Annotator "TA"]
[PlyCount "74"]
[EventDate "2021.01.10"]
[EventType "swiss"]
[EventCountry "ISR"]
[SourceTitle "playchess.com"]
[Source "ChessBase"]
[SourceQuality "1"]

{[%evp 9,74,4,0,-34,-24,-45,-31,-46,-42,-38,-38,-60,-55,-82,-60,-45,-42,-36,-22,-24,-6,-87,-74,-129,-124,-127,-116,-147,-112,-114,-131,-147,-98,-115,-106,-149,-147,-335,-334,-358,-167,-152,-150,-172,-159,-157,-153,-205,-202,-208,-204,-258,-226,-218,-203,-328,-336,-342,-319,-685,-313,-287,-298,-256,-258,-270,-267]} 1. e4 c6 2. Ne2 d5 3. e5 c5 4. d4 e6 5. c3 Nc6 6. Be3 {B10: Caro-Kann: 2 d3 and 2 c4.} Qb6 7. Qd2 Bd7 8. g3 {[#] Black is slightly better.} cxd4 $146 ({Predecessor:} 8... Rc8 9. f4 cxd4 10. Bxd4 Nxd4 11. cxd4 Bb4 12. Nbc3 Bb5 13. Rc1 Ne7 14. a3 Bxc3 15. Nxc3 Bxf1 16. Rxf1 {½-½ (44) Fernandez Romero,E (2383)-Gomez Esteban,J (2516) Mondariz 2000}) 9. Bxd4 Nxd4 10. Nxd4 Ne7 11. Bg2 Nc6 12. Nxc6 Bxc6 13. O-O Bc5 14. b4 Be7 {Threatening ...a5.} 15. Na3 (15. a4 $11) 15... a5 $36 {[%cal Ra5b4][%mdl 2048] White is under strong pressure.} 16. bxa5 (16. Nc2 $142) 16... Qc7 17. Nc2 Qxe5 ({Resist} 17... Qxa5 18. Nd4 $15) 18. f4 Qc7 19. f5 e5 ({Much weaker is} 19... Rxa5 $6 20. fxe6 f6 21. Nd4 $11) 20. Bxd5 Bxd5 21. Qxd5 Rxa5 22. Qb3 O-O 23. Rae1 $2 {[#] White does not recover from this.} (23. Nb4 $17) 23... Bc5+ 24. Kg2 Rfa8 (24... Qc6+ $142 25. Rf3 Rd8) 25. Re2 $19 Rxa2 26. Qb5 Qc6+ 27. Qxc6 bxc6 28. Kf3 {[#]} (28. Rd1 $17) 28... f6 $1 29. Rb1 h5 30. Rb7 Rd8 31. Ke4 Ra4+ 32. Kf3 (32. Nb4 {was the only chance.}) 32... Rd3+ 33. Kg2 Ra2 ({Don't take} 33... Rxc3 34. Ne1 $19) 34. Nd4 $2 (34. c4) 34... Rxe2+ (34... Rdd2 $142 35. Rxd2 Rxd2+ 36. Kf3 exd4 37. cxd4 Bxd4) 35. Nxe2 {Black has a decisive advantage.} Rd2 36. Kf1 Rd1+ 37. Kg2 Re1 {Weighted Error Value: White=0.43/Black=0.22} 0-1

[Event "Israel-ch Women 2021"]
[Site "Haifa"]
[Date "2021.03.09"]
[Round "3.19"]
[White "Orian, Noga"]
[Black "Golovchanskaya, Alina"]
[Result "1/2-1/2"]
[WhiteElo "1658"]
[BlackElo "1681"]
[Annotator "NA RC"]
[PlyCount "99"]
[EventDate "2021.01.10"]
[EventType "swiss"]
[EventCountry "ISR"]
[SourceTitle "playchess.com"]
[Source "ChessBase"]
[SourceQuality "1"]
[TimeControl "40/5400+30:3600+30"]

1. d4 {[%emt 0:00:00]} Nf6 {[%emt 0:00:00]} 2. Nf3 {[%emt 0:00:00]} g6 {[%emt 0:00:00]} 3. Bf4 {[%emt 0:00:00]} Bg7 {[%emt 0:00:00]} 4. e3 {[%emt 0:00:00]} O-O {[%emt 0:00:13]} 5. Be2 {[%emt 0:00:58]} d5 {[%emt 0:00:05]} 6. h3 {[%emt 0:01:40]} Nbd7 {[%emt 0:04:27]} 7. O-O {[%emt 0:04:10]} Ne4 {[%emt 0:01:31]} 8. Nbd2 {[%emt 0:10:23]} c5 {[%emt 0:07:40]} 9. c3 {[%emt 0:00:59]} Qb6 {[%emt 0:03:24]} 10. Qc1 {[%emt 0:04:08]} Ndf6 {[%emt 0:01:20]} 11. Be5 {[%emt 0:00:49]} Bf5 {[%emt 0:03:59]} 12. Nxe4 {[%emt 0:03:23]} Nxe4 {[%emt 0:04:36]} 13. Bxg7 {[%emt 0:01:08]} Kxg7 {[%emt 0:00:11]} 14. Rd1 {[%emt 0:03:19]} c4 {[%emt 0:02:34]} 15. Nd2 {[%emt 0:06:53]} h5 {[%emt 0:08:34]} 16. Nxe4 {[%emt 0:04:37]} Bxe4 {[%emt 0:00:11]} 17. f3 {[%emt 0:05:29]} Bf5 {[%emt 0:00:11]} 18. Qd2 {[%emt 0:01:48]} Rac8 {[%emt 0:02:12]} 19. f4 {[%emt 0:06:42]} a5 {[%emt 0:08:05]} 20. Bf3 {[%emt 0:02:50]} Qe6 {[%emt 0:01:24]} 21. Qf2 {[%emt 0:04:58]} b5 {[%emt 0:10:06]} 22. a3 {[%emt 0:02:53]} Rb8 {[%emt 0:03:37]} 23. Re1 {[%emt 0:05:47]} Be4 {[%emt 0:00:25]} 24. Bxe4 {[%emt 0:02:36]} Qxe4 {[%emt 0:00:31]} 25. Qf3 {[%emt 0:00:56]} Qxf3 {[%emt 0:06:22]} 26. gxf3 {[%emt 0:00:03]} e6 {[%emt 0:00:23]} 27. e4 {[%emt 0:01:47]} Rfe8 {[%emt 0:04:11]} 28. Re2 {[%emt 0:00:48]} b4 {[%emt 0:02:12]} 29. axb4 {[%emt 0:02:54]} axb4 {[%emt 0:00:04]} 30. Ra5 bxc3 {[%emt 0:00:39]} 31. bxc3 {[%emt 0:05:52]} Rb1+ {[%emt 0:04:19]} 32. Kg2 {[%emt 0:00:26]} Rc1 {[%emt 0:02:59]} 33. exd5 Rxc3 {[%emt 0:00:24]} 34. dxe6 {[%emt 0:04:35]} Rxe6 {[%emt 0:00:22]} 35. Rxe6 {[%emt 0:00:07]} fxe6 {[%emt 0:00:04]} 36. d5 {[%emt 0:00:54]} exd5 {[%emt 0:00:08]} 37. Rxd5 {[%emt 0:00:02]} Rb3 {[%emt 0:07:01]} 38. Rc5 {[%emt 0:01:04]} c3 {[%emt 0:00:35]} 39. f5 {[%emt 0:05:53]} gxf5 {[%emt 0:07:41]} 40. Rxf5 {[%emt 0:00:54]} Rb2+ {[%emt 0:00:33]} 41. Kg3 {[%emt 1:00:31]} h4+ {[%emt 1:01:01]} 42. Kf4 {[%emt 0:06:30]} Rb4+ {[%emt 0:00:09]} 43. Ke3 {[%emt 0:00:24]} Rc4 {[%emt 0:00:22]} 44. Rg5+ {[%emt 0:00:10]} Kf6 {[%emt 0:00:56]} 45. Rg1 {[%emt 0:00:06]} c2 {[%emt 0:02:44]} 46. Rc1 {[%emt 0:00:13]} Rc3+ {[%emt 0:03:29]} 47. Kd4 {[%emt 0:01:05]} Rxf3 {[%emt 0:00:59]} 48. Rxc2 {[%emt 0:00:06]} Rxh3 {[%emt 0:00:15]} 49. Ke4 {[%emt 0:00:13]} Rg3 {[%emt 0:00:51]} 50. Kf4 {[%emt 0:00:44]} 1/2-1/2

[Event "Israel-ch Women 2021"]
[Site "Haifa"]
[Date "2021.03.09"]
[Round "3.20"]
[White "Levitan, Ronit"]
[Black "Federovski, Adi"]
[Result "0-1"]
[WhiteElo "2048"]
[BlackElo "1995"]
[Annotator "TA"]
[PlyCount "146"]
[EventDate "2021.01.10"]
[EventType "swiss"]
[EventCountry "ISR"]
[SourceTitle "playchess.com"]
[Source "ChessBase"]
[SourceQuality "1"]

{[%evp 27,146,-12,0,-5,26,0,9,9,2,0,11,0,20,28,29,31,29,0,0,0,28,28,32,34,30,27,54,20,18,0,0,0,0,0,0,0,0,0,3,-285,-309,-299,-308,-461,-455,-620,-391,-479,-476,-481,-479,-534,-486,-486,-486,-449,-449,-583,-630,-923,-880,-778,-791,-736,-728,-1129,-930,-829,-752,-1071,-910,-1424,-1423,-5141,-2440,-6191,-4460,-6617,-29953,-29964,-29968,-29964,-29969,-29971,-29972,-29970,-29971,-29971,0,-29971,-29970,-29967,-29944,-29981,-29972,-29972,-29973,-29971,-29972,-29971,-29975,-29974,-29975,-29977,-29978,-29979,-29980,-29980,-29981,-29980,-29981,-29981,-29981,-29981,-29981,-29981,-29982,-29982,-29983,-29983,-29984]} 1. e4 c5 2. c3 d5 3. exd5 Qxd5 4. d4 Nf6 5. Nf3 e6 6. Be2 cxd4 7. cxd4 Nc6 8. Nc3 Qd6 9. O-O Be7 10. Nb5 Qd8 11. Bf4 Nd5 12. Bg3 O-O 13. Bc4 a6 14. Bxd5 axb5 15. Bb3 {B22: Sicilian: 2 c3.} b4 16. Rc1 Bf6 17. Be5 {[#] The position is equal.} Qe7 $146 ({Predecessor:} 17... Ra5 18. Re1 Bd7 19. Re4 Be7 20. Bf4 Be8 21. h3 Bd6 22. Qd2 Bxf4 23. Qxf4 Ne7 {1-0 (74) Ivanets,S (2208)-Kruglyakov,P (2242) Kiev 2005}) 18. Qe2 Rd8 19. Rfd1 Bd7 20. h3 g6 21. Bxf6 Qxf6 22. Ne5 Be8 23. Ng4 Qg7 24. d5 exd5 ({Don't blunder} 24... Nd4 $2 {[#]} 25. Rxd4 $1 Qxd4 26. dxe6 $18) 25. Bxd5 h5 26. Ne3 Qe5 27. Qc2 {aiming for Qxg6+.} Kg7 28. Nc4 Qf6 29. Bxc6 Bxc6 30. b3 Qg5 {[%csl Gc6][%cal Rg5g2]} 31. Ne3 Re8 32. Qb2+ Kh7 33. Qe2 $2 {[%mdl 8192] [#]} (33. Rc4 $11 {and White is okay.}) 33... Qxg2+ $3 $19 {[%mdl 512]} 34. Nxg2 Rxe2 35. Rc4 (35. Nf4 $142 Rexa2 36. Nd3) 35... Raxa2 36. Rf1 Re4 37. Rfc1 Rb2 38. Rxe4 Bxe4 39. Rc4 Bxg2 40. Kxg2 Rxb3 {[%mdl 4096] Endgame KR-KR} 41. Rc7 Kg7 42. Rxb7 h4 43. Kh2 Kf6 44. Kg2 g5 45. Rb5 Kg6 46. Kh2 f5 47. Rb6+ Kg7 48. Rb5 Kf6 49. Kg2 g4 50. hxg4 fxg4 (50... h3+ $142 51. Kh2 fxg4) 51. Kh2 Rb1 52. Kg2 b3 53. Kh2 Rb2 54. Kg1 h3 55. Rb6+ Kf5 56. Rb8 Ke4 57. Rg8 Kf5 58. Rb8 Kf4 {Black mates.} 59. Rf8+ Ke5 60. Rg8 Rb1+ 61. Kh2 Kf4 62. Rf8+ Ke4 63. Re8+ Kf3 64. Rf8+ Ke2 65. Rg8 b2 66. Rb8 Kxf2 67. Rf8+ Ke3 68. Re8+ Kf4 69. Rf8+ Kg5 70. Rg8+ Kf5 71. Rf8+ Ke6 72. Re8+ Kf7 73. Rb8 g3+ {[%mdl 64] Promotion.  Weighted Error Value: White=0.66/Black=0.15} 0-1

[Event "Israel-ch Women 2021"]
[Site "Haifa"]
[Date "2021.03.09"]
[Round "3.21"]
[White "Haitovich, Avital"]
[Black "Kochavi, Dana"]
[Result "0-1"]
[WhiteElo "1981"]
[BlackElo "1572"]
[Annotator "TA"]
[PlyCount "52"]
[EventDate "2021.01.10"]
[EventType "swiss"]
[EventCountry "ISR"]
[SourceTitle "playchess.com"]
[Source "ChessBase"]
[SourceQuality "1"]

{[%evp 9,52,-6,0,0,1,-8,0,0,0,0,0,0,0,0,0,-12,-20,-74,-64,-82,-56,-105,-101,-99,46,55,64,36,43,0,0,0,0,0,0,0,0,0,0,-1255,-1228,-1185,-1175,-29990,-29991]} 1. e4 c6 2. d4 d5 3. f3 Qb6 4. Nc3 dxe4 5. fxe4 e5 $1 {[%cal Re5d4]} 6. Nf3 {B12: Caro-Kann: Advance Variation.} exd4 7. Nxd4 {7.Nxd4 scores better than 7.Qxd4.} Nf6 8. e5 {The position is equal.} Ng4 9. e6 Bxe6 10. Bc4 Bxc4 11. Qxg4 Na6 $1 {And now ...Bc5 would win.} 12. Qe4+ Kd7 $1 {[#]} 13. Qf5+ $146 (13. Nde2 $1 $11 Bxe2 14. Qf5+ Ke8 15. Qe5+ Be7 16. Qxg7) ({Predecessor:} 13. Qg4+ Be6 14. Nxe6 Re8 15. Kd1 Rxe6 {0-1 (40) Petrushev,N (2233)-Postanogov,D (2019) St Petersburg 2019}) 13... Be6 $17 14. Nxe6 {[#] Intending Nc5+! and mate.} Re8 $1 {[%mdl 64] Pin} 15. Bf4 {White wants to mate with 0-0-0+.} Rxe6+ 16. Ne2 {[#]} Ke8 {[#]} ({Better is} 16... Qb4+ $1 $17 17. c3 Qe4 18. O-O-O+ (18. Qxf7+ $2 Kc8 $19) 18... Kc8) 17. O-O-O $1 $14 {[%mdl 1024] Threatens to win with Nd4. White has compensation.} g6 (17... Nb4 18. Bg5) 18. Qd3 {[%csl Gd1][%cal Rd3d7]} Nc5 19. Qd4 $40 {[%mdl 128] Black needs to defend precisely.} f6 $1 20. b4 Kf7 21. bxc5 Bxc5 22. Qc4 {Strongly threatening Rd7+.} Ba3+ 23. Kd2 Qf2 24. Rde1 $2 {[%mdl 8192]} (24. Rhf1 $11 Qxg2 25. Be5 Qg5+ 26. Bf4) 24... Rd8+ $19 25. Kc3 b5 26. Ref1 Qb6 {Weighted Error Value: White=0.97/Black=0.09} ({Weaker is} 26... bxc4 27. Rxf2 Bc5 28. Rhf1 $11) 0-1

[Event "Israel-ch Women 2021"]
[Site "Haifa"]
[Date "2021.03.09"]
[Round "3.22"]
[White "Gadasi, Noam"]
[Black "Aleksandrova, Aleksandra"]
[Result "1-0"]
[WhiteElo "1781"]
[BlackElo "1769"]
[Annotator "NA RC"]
[PlyCount "85"]
[EventDate "2021.01.10"]
[EventType "swiss"]
[EventCountry "ISR"]
[SourceTitle "playchess.com"]
[Source "ChessBase"]
[SourceQuality "1"]
[TimeControl "40/5400+30:3600+30"]

1. e4 {[%emt 0:00:00]} d6 {[%emt 0:00:00]} 2. d4 {[%emt 0:00:12]} c6 {[%emt 0:00:00]} 3. c4 {[%emt 0:00:30]} Qc7 {[%emt 0:00:06]} 4. Nc3 {[%emt 0:00:32]} Nd7 {[%emt 0:00:39]} 5. Be3 {[%emt 0:01:02]} Ngf6 {[%emt 0:00:44]} 6. f3 {[%emt 0:01:03]} e5 {[%emt 0:00:27]} 7. Nge2 {[%emt 0:01:02]} Be7 {[%emt 0:01:22]} 8. Qd2 {[%emt 0:01:28]} a5 {[%emt 0:01:20]} 9. g4 {[%emt 0:03:02]} h6 {[%emt 0:05:18]} 10. Ng3 {[%emt 0:05:32]} exd4 {[%emt 0:03:52]} 11. Bxd4 {[%emt 0:00:54]} Ne5 {[%emt 0:00:37]} 12. Be2 {[%emt 0:05:39]} Be6 {[%emt 0:10:04]} 13. b3 {[%emt 0:05:23]} d5 {[%emt 0:35:37]} 14. f4 Nexg4 {[%emt 0:08:33]} 15. h3 {[%emt 0:08:50]} c5 {[%emt 0:03:50]} 16. Nb5 {[%emt 1:02:51]} Qb8 {[%emt 0:25:31]} 17. Bb2 {[%emt 0:00:00]} Nh5 {[%emt 0:00:00]} 18. Nxh5 {[%emt 0:01:00]} Bh4+ {[%emt 0:01:00]} 19. Kf1 {[%emt 0:00:00]} Nf2 20. Be5 {[%emt 0:01:00]} Nxe4 {[%emt 0:01:00]} 21. Qe3 {[%emt 0:00:30]} Qd8 {[%emt 0:00:30]} 22. f5 {[%emt 0:00:30]} Bg5 {[%emt 0:00:00]} 23. Qd3 {[%emt 0:00:30]} Nd2+ {[%emt 0:01:00]} 24. Kg1 {[%emt 0:00:00]} d4 {[%emt 0:00:30]} 25. Qg3 {[%emt 0:01:00]} Bd7 {[%emt 0:00:30]} 26. Nxg7+ {[%emt 0:00:00]} Kf8 {[%emt 0:00:30]} 27. h4 {[%emt 0:00:00]} Be7 {[%emt 0:00:00]} 28. Ne6+ {[%emt 0:00:00]} Bxe6 {[%emt 0:00:00]} 29. Qg7+ {[%emt 0:00:00]} Ke8 {[%emt 0:00:00]} 30. Qxh8+ {[%emt 0:00:00]} Kd7 {[%emt 0:00:00]} 31. fxe6+ {[%emt 0:00:00]} fxe6 {[%emt 0:00:12]} 32. Qxd8+ {[%emt 0:00:00]} Rxd8 {[%emt 0:00:01]} 33. Kf2 {[%emt 0:00:00]} Ne4+ {[%emt 0:01:02]} 34. Ke1 {[%emt 0:00:00]} Rf8 {[%emt 0:00:06]} 35. Rh2 {[%emt 0:00:00]} Rf5 {[%emt 0:00:59]} 36. Bc7 {[%emt 0:00:00]} Nc3 {[%emt 0:01:28]} 37. Bxa5 {[%emt 0:00:00]} Nxe2 {[%emt 0:00:30]} 38. Kxe2 {[%emt 0:00:00]} Bf6 {[%emt 0:00:46]} 39. Rf1 {[%emt 0:00:00]} Rxf1 {[%emt 0:00:21]} 40. Kxf1 {[%emt 0:00:00]} e5 {[%emt 0:00:01]} 41. Bd2 {[%emt 0:57:38]} e4 {[%emt 1:00:30]} 42. Bxh6 {[%emt 0:00:32]} Be5 {[%emt 0:00:33]} 43. Rg2 {[%emt 0:00:39]} 1-0

[Event "Israel-ch Women 2021"]
[Site "Haifa"]
[Date "2021.03.09"]
[Round "3.23"]
[White "Shaul Seidner, Liad"]
[Black "Lian, Marina"]
[Result "0-1"]
[WhiteElo "1687"]
[BlackElo "1870"]
[Annotator "NA RC"]
[PlyCount "58"]
[EventDate "2021.01.10"]
[EventType "swiss"]
[EventCountry "ISR"]
[SourceTitle "playchess.com"]
[Source "ChessBase"]
[SourceQuality "1"]
[TimeControl "40/5400+30:3600+30"]

{[%evp 8,43,-14,-24,-5,0,0,0,32767,32767,32767,32767,32767,32767,32767,4,16,-32,-33,-31,-17,-50,22,-119,-105,-226,-237,-233,-241,-232,-209,-259,-250,-258,-231,-221,-196,-229]} 1. e4 {[%emt 0:00:00]} e6 {[%emt 0:00:00]} 2. d3 {[%emt 0:00:00]} d5 {[%emt 0:00:00]} 3. Nd2 {[%emt 0:00:00]} c5 {[%emt 0:00:00]} 4. Ngf3 {[%emt 0:00:00]} Nc6 {[%emt 0:00:00]} 5. g3 {[%emt 0:00:12]} g6 {[%emt 0:00:00]} 6. Bg2 {[%emt 0:00:10]} Bg7 {[%emt 0:00:07]} 7. O-O {[%emt 0:00:30]} Nge7 {[%emt 0:00:07]} 8. Re1 {[%emt 0:00:38]} h6 {[%emt 0:00:21]} 9. c3 {[%emt 0:00:45]} b6 {[%emt 0:00:28]} 10. exd5 {[%emt 0:05:18]} Nxd5 {[%emt 0:02:20]} 11. Nc4 {[%emt 0:13:45]} Qc7 {[%emt 0:14:14]} 12. Ng5 {[%emt 0:23:14]} O-O {[%emt 0:06:16]} 13. Ne4 {[%emt 0:04:00]} Rd8 {[%emt 0:01:18]} 14. a4 {[%emt 0:05:57]} a5 {[%emt 0:11:58]} (14... e5 $15) 15. Bd2 {[%emt 0:11:07]} (15. Ned2 $11) 15... f5 {[%emt 0:07:02]} 16. Ned6 {[%emt 0:04:41]} Rxd6 {[%emt 0:00:37]} 17. Nxd6 {[%emt 0:00:04]} Qxd6 {[%emt 0:00:10]} 18. Qb3 {[%emt 0:00:37]} Rb8 {[%emt 0:17:20]} 19. Re2 {[%emt 0:06:50]} Bd7 {[%emt 0:05:50]} 20. Rae1 {[%emt 0:02:01]} Kf7 {[%emt 0:05:12]} 21. h4 {[%emt 0:07:06]} Rb7 {[%emt 0:09:35]} 22. Bc1 $19 {[%emt 0:03:17]} Rb8 {[%emt 0:01:54]} 23. Bd2 {[%emt 0:00:50]} Re8 {[%emt 0:00:52]} 24. Bc1 {[%emt 0:04:04]} Ne5 {[%emt 0:01:21]} 25. Qc2 {[%emt 0:04:01]} Ng4 {[%emt 0:04:05]} 26. Bf3 {[%emt 0:01:48]} h5 {[%emt 0:01:38]} 27. Bg2 {[%emt 0:01:30]} Bc6 {[%emt 0:00:16]} 28. Bg5 {[%emt 0:00:49]} Qd7 {[%emt 0:02:31]} 29. Bxd5 {[%emt 0:00:44]} Qxd5 {[%emt 0:08:58]} 0-1

[Event "Israel-ch Women 2021"]
[Site "Haifa"]
[Date "2021.03.10"]
[Round "4.17"]
[White "Katkov, Michelle"]
[Black "Reprun, Nadejda"]
[Result "1/2-1/2"]
[WhiteElo "2078"]
[BlackElo "1968"]
[Annotator "TA"]
[PlyCount "112"]
[EventDate "2021.01.10"]
[EventType "swiss"]
[EventCountry "ISR"]
[SourceTitle "playchess.com"]
[Source "ChessBase"]
[SourceQuality "1"]

{[%evp 9,112,30,36,0,0,0,0,10,20,20,20,20,20,20,20,12,20,20,20,20,20,20,27,21,35,35,36,39,40,46,50,44,38,4,23,33,63,52,58,0,0,-5,-5,-6,39,28,25,0,0,-8,-10,-11,-6,-53,0,-10,-10,-10,-10,-28,-10,-16,-16,-15,0,-7,0,-12,-28,-28,-7,-79,-58,-76,-77,-70,-68,-80,-77,-65,0,0,-7,-18,0,0,0,0,0,0,0,0,0,0,0,0,0,0,0,0,0,0,0,0,0]} 1. e4 c6 2. Nf3 d5 3. d3 Bg4 4. h3 Bxf3 5. Qxf3 e6 {[#]} 6. exd5 $146 {B10: Caro-Kann: 2 d3 and 2 c4.} ({Predecessor:} 6. Nd2 Nd7 7. g3 g6 8. Bg2 Bg7 9. O-O Ne7 10. c3 O-O 11. d4 dxe4 12. Nxe4 {1-0 (42) Alekseenko,K (2696)-Jobava,B (2603) Chess.com INT 2020}) 6... cxd5 7. d4 Nc6 8. c3 Rc8 9. Nd2 Nf6 10. Bd3 Bd6 11. O-O O-O 12. Qe2 Qc7 13. Nf3 Bf4 14. Re1 Bxc1 15. Raxc1 Qf4 16. g3 Qh6 17. Kg2 Nd7 18. Rcd1 a6 19. b3 Qf6 20. c4 g6 21. Ne5 Ndxe5 22. dxe5 Qd8 {[#]} 23. Be4 $1 {[%cal Rc4d5]} d4 24. Bxc6 (24. h4 $14) 24... bxc6 $11 25. c5 Qd5+ $1 26. Qe4 Qxc5 27. Rxd4 Rfd8 28. Red1 (28. Rc4 {feels hotter.} Qb5 29. Rb4 Qa5 30. Re2 c5 31. Rc4) 28... Rd5 29. Rxd5 cxd5 {[%mdl 4096] Endgame KQR-KQR} 30. Qa4 a5 31. Rd4 Kg7 (31... Rd8 $15) 32. Rf4 Qc7 33. Qd4 Rb8 34. Qd2 h5 35. Ra4 Qxe5 36. Qxa5 Rc8 37. Qa7 g5 {aiming for ...Rc2.} 38. Qd4 Qxd4 39. Rxd4 {KR-KR} Kf6 40. Rd2 (40. Rb4 $11 {remains equal.}) 40... Rc3 41. b4 {[%cal Bb3b4,Bb4b5,Bb5b6][%mdl 32]} Ke5 42. Rb2 Kd6 $1 43. b5 Kc7 44. a4 Ra3 (44... Kb6 $1 $15) 45. b6+ $1 {The position is equal.} Kb7 46. Rb4 g4 (46... f6 {is interesting.} 47. h4 Ra1 48. Kf3 Ra2 49. Kg2 Ra3) 47. hxg4 hxg4 48. Rxg4 Kxb6 49. Rg7 Rxa4 50. Rxf7 Kc6 51. Kf3 Kd6 52. g4 e5 53. g5 Ke6 54. Rf6+ Ke7 55. Rf5 Ke6 56. Rf8 Ke7 {Weighted Error Value: White=0.09/Black=0.08} 1/2-1/2

[Event "Israel-ch Women 2021"]
[Site "Haifa"]
[Date "2021.03.10"]
[Round "4.18"]
[White "Federovski, Adi"]
[Black "Orian, Noga"]
[Result "1-0"]
[WhiteElo "1995"]
[BlackElo "1658"]
[Annotator "TA"]
[PlyCount "61"]
[EventDate "2021.01.10"]
[EventType "swiss"]
[EventCountry "ISR"]
[SourceTitle "playchess.com"]
[Source "ChessBase"]
[SourceQuality "1"]

{[%evp 11,61,0,27,24,90,95,87,89,79,99,90,61,61,69,51,55,69,65,90,82,92,88,118,83,131,131,131,127,589,584,662,659,637,632,557,631,622,639,614,617,602,584,630,622,744,676,759,609,707,664,992,966]} 1. e4 c5 2. Nf3 e6 3. d4 cxd4 4. Nxd4 Nf6 5. Nc3 Nc6 6. a3 d5 7. Bb5 {B45: Sicilian Four Knights.} Qc7 (7... Bd7 $11) 8. exd5 $16 Nxd5 9. Nxd5 {White is better.} exd5 10. O-O {[#] aiming for Re1+.} Be7 11. Re1 {[#] Threatens to win with Bf4!} O-O $146 ({Predecessor:} 11... a6 12. Ba4 b5 13. Bb3 Nxd4 14. Qxd4 O-O 15. Bxd5 Bb7 16. Bxb7 Qxb7 17. Bf4 Bf6 {1-0 (93) Williams,J (1856)-Ramseyer,N (1699) Kreuzlingen 2016}) 12. Nxc6 {[%mdl 64] Remove Defender} bxc6 {[#]} 13. Bxc6 Qxc6 14. Rxe7 Be6 15. Be3 $36 {[%mdl 2048] White is on the roll.} a6 16. Qd2 Rfc8 17. Rc1 (17. Bd4 {is more complex.} Bf5 18. Qf4 Bg6 19. Rae1 Re8 20. h3) 17... Rab8 18. Bd4 {Intending Qg5! and mate.} Bf5 19. Qf4 Qg6 {[%mdl 8192] Loses the game.} (19... Bg6 $16 {is tougher.} 20. h4 Rf8) 20. Re5 $18 {White is clearly winning.} Rxc2 21. Rxc2 Bxc2 22. Rg5 {[%cal Rf4b8]} ({Weaker is} 22. Re6 fxe6 23. Qxb8+ Kf7 $16) 22... Re8 {[%cal Re8e1]} 23. h3 Qh6 24. Rxg7+ Qxg7 25. Bxg7 Kxg7 {[%mdl 4096] Endgame KQ-KRB} 26. Qd4+ Kg8 27. Qxd5 Ba4 28. h4 Re1+ 29. Kh2 Re6 30. Qd8+ Kg7 31. Qd4+ {[%mdl 64] Double Attack.  Weighted Error Value: White=0.08/Black=0.79} 1-0

[Event "Israel-ch Women 2021"]
[Site "Haifa"]
[Date "2021.03.10"]
[Round "4.19"]
[White "Kochavi, Dana"]
[Black "Shvayger, Yuliya"]
[Result "0-1"]
[WhiteElo "1572"]
[BlackElo "2327"]
[Annotator "TA"]
[PlyCount "120"]
[EventDate "2021.01.10"]
[EventType "swiss"]
[EventCountry "ISR"]
[SourceTitle "playchess.com"]
[Source "ChessBase"]
[SourceQuality "1"]

{[%evp 17,120,75,68,32,77,73,79,70,69,46,52,90,134,112,156,106,97,59,58,0,0,0,-5,0,-7,-38,-39,-54,-54,-87,-85,-90,-93,-106,-58,-145,-134,-86,-54,-117,-106,-157,-152,-153,-154,-158,-155,-156,-156,-191,-173,-277,-285,-287,-279,-279,-277,-268,-258,-354,-353,-334,-343,-361,-356,-341,-339,-381,-387,-387,-386,-469,-342,-412,-433,-431,-427,-427,-416,-450,-438,-459,-422,-441,-392,-581,-577,-1020,-952,-1004,-1000,-1060,-1036,-29977,-904,-29979,-29980,-29980,-29981,-29981,-29982,-29983,-29984,-29984,-29985]} 1. e4 e6 2. d4 d5 3. Nd2 Be7 4. c3 Nf6 5. e5 Nfd7 6. Bd3 c5 7. Ne2 Nc6 8. O-O Qb6 9. Nf3 O-O 10. b3 {[#] C06: French Tarrasch: 3...Nf6 4 e5 Nfd7 5 Bd3 main lines.} Qd8 $146 ({Predecessor:} 10... cxd4 11. cxd4 a5 12. Bg5 Bxg5 13. Nxg5 h6 14. Nf3 Qa7 15. a3 b6 16. Bb1 Ne7 17. Qc2 g6 {1-0 (39) Yang,C (2145)-Lin,J (1920) Toronto 2019}) 11. Qc2 h6 12. a3 {White is better.} a5 13. h3 a4 {White must now prevent ...axb3.} 14. b4 cxd4 15. cxd4 Nb6 16. Be3 Bd7 17. Rac1 Na7 $1 18. Nd2 ({White should try} 18. Qd2 $14) 18... Bb5 19. Bxb5 Nxb5 20. Qd3 Qd7 21. Rc2 Na7 22. f4 Qb5 23. Qxb5 Nxb5 24. Nb1 Rfc8 25. Nec3 {[#]} Rc4 $1 26. Rd1 {[#]} (26. Rcc1 $1 $15 Nxc3 27. Nxc3) 26... Rac8 $1 $36 {[%cal Rb5c3][%mdl 2048] Black is on the roll.} 27. Rd3 Nd7 28. Kf1 {[#]} ({White should play} 28. Kh2 $15) 28... Bd8 $1 29. g3 {[#]} (29. Rc1 $142) (29. Ke2 Bb6) 29... Bb6 $1 30. Nxb5 Rxc2 31. N1c3 f6 {...fxe5 is the strong threat.} 32. Bd2 fxe5 33. fxe5 Bd8 34. h4 (34. Nxa4 $142 Be7 35. Ke1) 34... Nb6 $19 35. Ke1 Nc4 36. Kd1 Rb2 (36... Rxd2+ 37. Rxd2 Nxd2 38. Kxd2 $17) (36... Nxd2 37. Kxc2 Nc4 38. Rf3 $11) 37. Nxa4 Ra2 ({Don't do} 37... Rxd2+ 38. Rxd2 Nxd2 39. Kxd2 $17) 38. Ke1 b6 39. Nac3 Ra1+ ({Weaker is} 39... Rxd2 40. Rxd2 Nxd2 41. Kxd2 $17) ({Not} 39... Nxa3 40. Nxa2 Nxb5 41. Nc3 $11) 40. Kf2 Nxa3 41. Nd6 Rc7 42. Be3 Nc4 43. Ncb5 Rc6 44. Rb3 Be7 45. Bf4 Ra2+ 46. Kf3 Rb2 47. Rxb2 Nxb2 48. Ke2 Rc2+ 49. Bd2 Nc4 50. Nxc4 Rxc4 51. Kd3 (51. Nd6 {was forced.} Bxd6 52. exd6) 51... Bxb4 52. Bxb4 Rxb4 {[%mdl 4096] Endgame KR-KN} 53. Nc3 Kf7 54. g4 Rb2 55. Ne2 {[#]} Rb3+ (55... Rxe2 $142 $1 56. Kxe2 Kg6 57. Kf3 h5 58. g5 Kf5 59. Ke3 Kg4 60. Kd3 Kxh4 61. g6 Kg5 62. Kc3 b5 63. Kb4 h4 64. Kc5 Kxg6 65. Kd6 Kf5 66. Kc5 h3 67. Kxb5 h2 68. Kc5 h1=Q 69. Kb6 Qc1 70. Kb7 Ke4 71. Kb8 Kxd4 72. Kb7 Kxe5 73. Kb8 Kd6 74. Kb7 Qb2+ 75. Ka7 Kc6 76. Ka8 Qb7#) 56. Nc3 Kg6 {Black mates.} 57. Kc2 {[#]} Rxc3+ $1 58. Kxc3 h5 59. gxh5+ Kxh5 60. Kb4 Kxh4 {Weighted Error Value: White=0.61/Black=0.18} 0-1